书目信息 |
| 题名: |
当代日语基础教程上
|
|
| 作者: | 马凌波 主编 | |
| 分册: | 上册 | |
| 出版信息: | 北京 北京大学出版社 2005.6 |
|
| 页数: | 12,352页 | |
| 开本: | 26cm | |
| 丛书名: | ||
| 单 册: | ||
| 中图分类: | H36 | |
| 科图分类: | ||
| 主题词: | 日语--ri yu--基础知识--教材 | |
| 电子资源: | ||
| ISBN: | 7-301-07639-8 | |
| 000 | 00782nam0 2200217 45 | |
| 001 | 012005000000 | |
| 005 | 20061114155342.70 | |
| 010 | @a7-301-07639-8@dCNY42.00 | |
| 100 | @a20051014d2005 em y0chiy0121 ea | |
| 101 | 0 | @achi@ajpn |
| 102 | @aCN@b110000 | |
| 105 | @ay z 000yy | |
| 200 | 1 | @a当代日语基础教程上@Adang dai ri yu ji chu jiao cheng shang@h上册@f马凌波主编 |
| 210 | @a北京@c北京大学出版社@d2005.6 | |
| 215 | @a12,352页@d26cm | |
| 330 | @a本书课文和会话均由日本专家编写, 在语言的标准、规范的前提下做到鲜活、实用、富于生活气息和时代感。词汇的选择、语法点的安排即做到由浅入深、循序渐进, 又体现了日语自身的规律。 | |
| 606 | 0 | @a日语@Ari yu@x基础知识@j教材 |
| 690 | @aH36@v4 | |
| 701 | 0 | @a马凌波@Ama ling bo@4主编 |
| 801 | 0 | @aCN@c20061114 |
| 905 | @a10447@dH36@eM091 | |
| 当代日语基础教程上.上册/马凌波主编.-北京:北京大学出版社,2005.6 |
| 12,352页;26cm |
| ISBN 7-301-07639-8:CNY42.00 |
| 本书课文和会话均由日本专家编写, 在语言的标准、规范的前提下做到鲜活、实用、富于生活气息和时代感。词汇的选择、语法点的安排即做到由浅入深、循序渐进, 又体现了日语自身的规律。 |
| ● |
| 相关链接 |
|
|
|
正题名:当代日语基础教程上
索取号:H36/M091
 
预约/预借
| 序号 | 登录号 | 条形码 | 馆藏地/架位号 | 状态 | 备注 |
| 1 | 637449 | 206374494 | 语言库209/209语言库 124排1列4层/ [索取号:H36/M091] | 在馆 | |
| 2 | 637450 | 206374500 | 语言库209/209语言库 124排1列4层/ [索取号:H36/M091] | 在馆 | |
| 3 | 637451 | 206374519 | 语言库209/209语言库 124排1列4层/ [索取号:H36/M091] | 在馆 |